|
|
|
|
| LEADER |
00000naa0a2200000 4500 |
| 001 |
600943 |
| 005 |
20250207091045.0 |
| 035 |
|
|
|a (RuTPU)RU\TPU\tpu\25536
|
| 035 |
|
|
|a RU\TPU\tpu\25535
|
| 090 |
|
|
|a 600943
|
| 100 |
|
|
|a 20140731d2009 k||y0rusy50 ca
|
| 101 |
0 |
|
|a rus
|
| 102 |
|
|
|a RU
|
| 200 |
1 |
|
|a Пришло время дискаунтеров: "Магазин от фабрики" как успешная стратегия
|f Ю. О. Охорзина
|
| 333 |
|
|
|a В фонде НТБ ТПУ отсутствует
|
| 461 |
|
|
|t Маркетинг PRO
|o российский журнал о маркетинге
|d 2009
|
| 463 |
|
|
|t № 1-2
|v С. 28-31
|d 2009
|
| 610 |
1 |
|
|a труды учёных ТПУ
|
| 700 |
|
1 |
|a Охорзина
|b Ю. О.
|c экономист
|c доцент Томского политехнического университета, кандидат экономических наук
|f 1972-
|g Юлия Олеговна
|3 (RuTPU)RU\TPU\pers\31308
|9 15486
|
| 801 |
|
1 |
|a RU
|b 63413507
|c 20140718
|
| 801 |
|
2 |
|a RU
|b 63413507
|c 20140731
|g RCR
|
| 942 |
|
|
|c CR
|